LEADER 01280nam a2200313 a 4500 001 000000170034 003 CaOOAMICUS 005 20181018115704.0 008 181018s1999 gw 000 u ger r 020 $a3-525-56194-6* 032 $aLibriCat 040 $aPul$bita 100 1 $aPannenberg, Wolfhart,$d1928-2014.$0(OLS)http://pul/name/12788 245 10$aBeitrage zur systematischen Theologie / $cWolfhart Pannenberg . 260 $aGöttingen :$bVandenhoeck & Ruprecht,$c©1999. 300 $av. ;$c24 cm. 505 1 $aBd.1. Philosophie, Religion, Offenbarung. 650 4$aFilosofia.$0(OLS)http://pul/subject/362 650 4$aRivelazione.$0(OLS)http://pul/subject/3064 650 4$aReligione.$0(OLS)http://pul/subject/4402 740 02$aPhilosophie, Religion, Offenbarung. 850 $aPUL 852 $aPUL$W1$xDP1 Fondo Seidl$y56$m4 D 42.1$j192930$qFondi$B198222$CPULBib$Z2$F198222 $81 941 1 $a1 996 $6020$a3-525-56194-6*$9(OLS)http://pul/number/164986 996 $6245$aBeitrage zur systematischen Theologie / $9(OLS)http://pul/title/210730 996 $6740$aPhilosophie, Religion, Offenbarung.$9(OLS)http://pul/title/210731 996 $6260$aGöttingen :$bVandenhoeck & Ruprecht$9(OLS)http://pul/publisher/47973 LEADER 01750nam a2200349 a 4500 001 000000173219 003 CaOOAMICUS 005 20200213164404.0 008 200213s2019 it u000 u ita r 020 $a978-88-382-4832-0* 032 $aLibriCat 040 $aPUL$bita 082 14$a947 100 1 $aIvánka, Endre von,$d1902-1974.$0(OLS)http://pul/name/41075 240 10$aRhomaerreich und Gottesvolk. $lItaliano.$0(OLS)http://pul/title/214324 245 10$aRoma, Bisanzio, Mosca : $ble concezioni di "impero" e di "popolo di Dio" nello sviluppo culturale dell'Europa orientale / $cEndre von Ivanka ; a cura di Michael Konrad ; traduzione di Ida Soldini. 260 $aRoma :$bEdizioni Studium,$c©2019. 300 $a180 p. ;$c21 cm 490 1 $aCultura Studium. Religione e societŕ ;$v183 504 $aBibliografia in nota a pič pagina. 600 14$aKonrad, Michael.$0(OLS)http://pul/subject/46216 650 4$aEuropa orientale$xStoria ecclesiastica.$0(OLS)http://pul/subject/43181 700 1 $aSoldini, Ida.$0(OLS)http://pul/name/111268 830 0$aCultura (Studium).$pReligione e societŕ ;$v183.$0(OLS)http://pul/title/207821 850 $aPUL 852 $aPUL$W1$xSL Cons. Gen., Altre Classi 3$y75$m947 IVAEN 1$j197196$qDDC 21$B201984$CPULBib$Z2$F201984 $H133834 $82 941 1 $a9 996 $6020$a978-88-382-4832-0*$9(OLS)http://pul/number/167210 996 $6082$a947$9(OLS)http://pul/classification/3063 996 $6245$aRoma, Bisanzio, Mosca : $ble concezioni di "impero" e di "popolo di Dio" nello sviluppo culturale dell'Europa orientale / $9(OLS)http://pul/title/214323 996 $6260$aRoma :$bEdizioni Studium$9(OLS)http://pul/publisher/49092